A blueprint for the future of Scotland (Record no. 117332)

MARC details
000 -LEADER
fixed length control field 01933cam a2200313 4500
001 - CONTROL NUMBER
control field ABS67825
008 - FIXED-LENGTH DATA ELEMENTS--GENERAL INFORMATION
fixed length control field 040510n2004 000 0 eng u
035 ## - SYSTEM CONTROL NUMBER
System control number (Sirsi) u126160
100 ## - MAIN ENTRY--PERSONAL NAME
Personal name Donati, M.
245 #2 - TITLE STATEMENT
Title A blueprint for the future of Scotland
260 ## - PUBLICATION, DISTRIBUTION, ETC.
Date of publication, distribution, etc. 2004
490 ## - SERIES STATEMENT
Series statement Planning (for the Natural and Built Environment)
Volume/sequential designation (1567) 30 April 2004, 16-17(2)
520 ## - SUMMARY, ETC.
Summary, etc. Reviews "National planning framework for Scotland" (ISBN 0755941950) and accompanying consultation document "Making development plans deliver". The framework document contains comprehensive analyses of the underlying trends in Scotland's development, outlining a vision for spatial development across the country. It identifies economic development zones in the Clyde corridor, Lanarkshire, Central Ayrshire, West Edinburgh, Central Scotland, Midlothian, Dundee, Aberdeen and Inverness. Looks at new development formats based on city region and local development plans. Lists the city region plan constituent authorities. The reports may be viewed at www.scotland.gov.uk.
590 ## - LOCAL NOTE (RLIN)
Local note ABS
590 ## - LOCAL NOTE (RLIN)
Local note ABS
650 ## - SUBJECT ADDED ENTRY--TOPICAL TERM
Topical term or geographic name entry element SCOTLAND
650 ## - SUBJECT ADDED ENTRY--TOPICAL TERM
Topical term or geographic name entry element SPATIAL DEVELOPMENT
650 ## - SUBJECT ADDED ENTRY--TOPICAL TERM
Topical term or geographic name entry element NATIONAL PLANNING GUIDELINES
650 ## - SUBJECT ADDED ENTRY--TOPICAL TERM
Topical term or geographic name entry element EDINBURGH
650 ## - SUBJECT ADDED ENTRY--TOPICAL TERM
Topical term or geographic name entry element GLASGOW
650 ## - SUBJECT ADDED ENTRY--TOPICAL TERM
Topical term or geographic name entry element DUNDEE
650 ## - SUBJECT ADDED ENTRY--TOPICAL TERM
Topical term or geographic name entry element ABERDEEN
690 ## - LOCAL SUBJECT ADDED ENTRY--TOPICAL TERM (OCLC, RLIN)
Topical term or geographic name as entry element DEVELOPMENT-SUSTAINABLE
856 ## - ELECTRONIC LOCATION AND ACCESS
Uniform Resource Identifier <a href="https://www.scotland.gov.uk/library5/planning/npf04-00.asp">https://www.scotland.gov.uk/library5/planning/npf04-00.asp</a>
Public note View the national planning framework on the Scottish Executive website...
856 ## - ELECTRONIC LOCATION AND ACCESS
Uniform Resource Identifier <a href="https://www.scotland.gov.uk/consultations/planning/mdpdc-00.asp">https://www.scotland.gov.uk/consultations/planning/mdpdc-00.asp</a>
Public note View the consultation on the Scottish Executive website...
856 ## - ELECTRONIC LOCATION AND ACCESS
Uniform Resource Identifier <a href="https://www.scotland.gov.uk/library5/planning/npf04-00.asp">https://www.scotland.gov.uk/library5/planning/npf04-00.asp</a>
Public note View the national planning framework on the Scottish Executive website...
856 ## - ELECTRONIC LOCATION AND ACCESS
Uniform Resource Identifier <a href="https://www.scotland.gov.uk/consultations/planning/mdpdc-00.asp">https://www.scotland.gov.uk/consultations/planning/mdpdc-00.asp</a>
Public note View the consultation on the Scottish Executive website...
942 ## - ADDED ENTRY ELEMENTS (KOHA)
Suppress in OPAC 0
Holdings
Withdrawn status Lost status Source of classification or shelving scheme Damaged status Not for loan Home library Current library Shelving location Date acquired Total Checkouts Full call number Barcode Date last seen Copy number Price effective from Koha item type
    Dewey Decimal Classification     London London Journal article 10/05/2004   ABS67825 126160-1001 06/08/2019 1 06/08/2019 Journal article